Sports Quiz

Random Sports Quiz

AFL (Australian Rules) Quiz Stats

Quiz not verified by Sporcle

Challenge
Share
Tweet
Embed
Score 0/15 Timer 05:00
0 Plays Today
question answer % Correct
How many teams were there after the 2010 season?sixteen
93.4%
Who won the premiership in 2000?Essendon Bombers
91.5%
Which team did Brendan Fevola first play for?Carlton Blues
90.6%
What is the name of the Grand Final stadium?MCG
89.7%
Who won the 2010 brownlow medal?Chris Judd
88.3%
In which year did Ben Cousins win the Brownlow?2005
87.3%
What is the name of the medal which is given to the best on ground in the Grand Final?Norm Smith
86.9%
How many points is super-goal worth in the NAB cup?nine
85.4%
question answer % Correct
Who did Ben Cousins finish his career with?Richmond Tigers
84.5%
Who coached Collingwood to their 2010 premiership?Mick Malthouse
83.1%
What year did the Adelaide Crows win their first premiership?1997
81.7%
How many AFL/VFL Grand Finals have been drawn?three
80.3%
Who coached the Brisbane Lions when they won their 3 premierships in a row?Leigh Matthews
77%
Who are the two players that have won multiple brownlow medals from 2000-2010?Chris Judd and Adam Goodes
66.7%
Who was the South Australian no. 1 draft pick in 2006?Bryce Gibbs
59.6%

You're not logged in!

Compare scores with friends on all Sporcle quizzes.
Join for Free
OR
Log In

You Might Also Like...

Show Comments

Extras

Created Oct 8, 2010ReportNominate
Tags:afl, australia, rule

Top Quizzes Today


Score Distribution

Your Account Isn't Verified!

In order to create a playlist on Sporcle, you need to verify the email address you used during registration. Go to your Sporcle Settings to finish the process.

Report this User

Report this user for behavior that violates our Community Guidelines.

Details: